Štátna podpora predaja domácej produkcie na vidieku ako zdroj rozvoja vidieka a komunitného života

Poľnohospodárstvo ako hlavné odvetvie vidieka z historického pohľadu. Možnosti oživenia lokálnej poľnohospodárskej výroby.

Gespeichert in:
Bibliographische Detailangaben
1. Verfasser: Poláčková, Hana, 1968-
Format: Buchkapitel
Sprache:Slowakisch
Schlagworte:
Tags: Tag hinzufügen
Keine Tags, Fügen Sie das erste Tag hinzu!

MARC

LEADER 00000naa$a2200000$$$4500
001 0260486
005 20240502074127.2
041 0 |a slo 
044 |a SK 
245 1 0 |a Štátna podpora predaja domácej produkcie na vidieku ako zdroj rozvoja vidieka a komunitného života  |c Hana Poláčková 
520 |a Poľnohospodárstvo ako hlavné odvetvie vidieka z historického pohľadu. Možnosti oživenia lokálnej poľnohospodárskej výroby. 
610 2 0 |a politika poľnohospodárska 
610 2 0 |a rast hospodársky 
610 2 0 |a vidiek 
610 2 0 |a agropotravinárstvo 
610 2 0 |a výroba poľnohospodárska 
100 1 |a Poláčková, Hana, 1968-